| 000 | 01002nam a22002417a 4500 | ||
|---|---|---|---|
| 003 | BD-DhUL | ||
| 005 | 20160818173907.0 | ||
| 008 | 160818b2002 bg ||||| |||| 00| 0 ben d | ||
| 020 | _a9846020016 | ||
| 040 | _cBD-DhUL | ||
| 082 |
_a320.95492 _bBHB |
||
| 100 | _aভূইয়াঁ, মোহাম্মদ আবদুল ওদুদ | ||
| 245 |
_aবাংলাদেশের রাজনৈতিক উন্নয়ন / _cমোহাম্মদ আবদুল ওদুদ ভূইয়াঁ |
||
| 250 | _a৪র্থ সংক. | ||
| 260 |
_aঢাকা : _bবেতার প্রকাশনা দপ্তর, _c২০০০ |
||
| 300 |
_a৬৯৬ পৃ. : _c২৪ সে. মি. |
||
| 365 |
_aTK _b325.00 |
||
| 650 | 0 |
_aGovt. and Politics _zBangladesh |
|
| 650 | 0 |
_aসরকার ও রাজনীতি _zবাংলােদেশ |
|
| 700 | _aচৌধুরী, সালেহ | ||
| 700 | _aচৌধুরী, এম. অাই | ||
| 942 |
_2ddc _cBK |
||
| 999 |
_c99615 _d99615 |
||